| 000 | 00748nam a2200253 i 4500 | ||
|---|---|---|---|
| 001 | 7016 | ||
| 003 | ES-MaACL | ||
| 005 | 20230906145136.0 | ||
| 007 | t| | ||
| 008 | 900723s1990 sp |||| |bspa d | ||
| 020 | _a84-7884-018-4 | ||
| 080 | _a929 Julián | ||
| 080 | _a343.976(460.27 M.) | ||
| 100 | 1 |
_aGamella, Juan F. _953780 |
|
| 245 | 1 | 3 |
_aLa historia de Julián _b: memorias de heroína y delincuencia / _cJuan F. Gamella. |
| 260 |
_aMadrid : _bEditorial Popular, _cD.L. 1990. |
||
| 300 |
_aXXVIII, 287 p. ; _c22 cm. |
||
| 490 | 1 |
_aAl margen ; _v5 |
|
| 600 | 0 | 4 |
_aJulián ( _d1962-) _9162136 |
| 650 | 4 |
_aDrogas y delincuencia. _9139481 |
|
| 830 | 0 |
_aAl margen ; _v5 _9177798 |
|
| 852 |
_aES-MaACL _jL-14326 |
||
| 999 |
_c7016 _d7016 |
||